000 01049nam a2200229Ia 4500
003 Ost
005 20260507075650.0
008 260507s9999||||xx |||||||||||||| ||und||
040 _cfsecg
041 _aara
082 _a332.4
100 _aالخولي، أسامة محمد
_eمؤلف
245 0 _aإقتصاديات النقود والتمويل /
_c أسامة محمد الخولي
260 _aالإسكندرية:
_bدار الجامعة الجديدة,
_c2005
300 _a352 صفحة؛
_bإيضاحات ؛
_c24 سم
520 _aالنقود والنظام النقدي- تطور النقود وأهميتها- النظام النقدي- المؤسسات النقدية والمالية- البنوك التجارية- التطورات الحديثة في دور البنك المركزي- استقلالية البنك المركزي- البورصات
653 _aالإقتصاد
653 _aالتمويل
653 _aالنقود
700 _aعوض الله، زينب
_eمؤلف ثانوي
942 _cكتاب
999 _c45578
_d45578